| 000 | 00681nam a2200217 i 4500 | ||
|---|---|---|---|
| 001 | 83518 | ||
| 003 | ES-MaACL | ||
| 005 | 20260525062928.0 | ||
| 007 | t| | ||
| 008 | 041117s1955 sp ||||1| spa d | ||
| 100 | 0 |
_aIrving, Washington, _d1783-1859 _965506 |
|
| 245 | 1 | 3 |
_aLa vida de Mahoma / _cWashington Irving ; [traducción de María Mercedes Bergadá]. |
| 250 | _a3ª ed. | ||
| 260 |
_a[Madrid] : _bEspasa-Calpe, _c[1955] |
||
| 300 |
_a193 p. ; _c18 cm. |
||
| 490 | 1 |
_aColección austral ; _v476 |
|
| 700 | 1 |
_aBergadá, María Mercedes. _927919 |
|
| 830 | 0 |
_aColección austral _v476 _9177655 |
|
| 852 |
_aES-MaACL _jC-10675 _bR.38467 |
||
| 999 |
_c83518 _d83518 |
||